[Event "Stay Safe Play From Home 377"]
[Site "Emanuel Lasker Arena"]
[Date "2020.08.12"]
[Round "4"]
[White "AChessPlayer"]
[Black "MihailoVujic"]
[Result "1/2-1/2"]
[WhiteElo "2437"]
[BlackElo "2262"]
[PlyCount "97"]
[EventDate "2020.08.12"]
[EventType "swiss (blitz)"]

1. Nf3 {[%emt 0:00:01]} Nc6 {[%emt 0:00:01]} 2. g3 {[%emt 0:00:01]} e5 {[%emt 0:00:00]} 3. d3 {[%emt 0:00:00]} d5 {[%emt 0:00:01]} 4. Bg2 {[%emt 0:00:00]} Nf6 {[%emt 0:00:00]} 5. O-O {[%emt 0:00:00]} Be7 {[%emt 0:00:00]} 6. Nbd2 {[%emt 0:00:02]} O-O {[%emt 0:00:00]} 7. e4 {[%emt 0:00:01]} dxe4 {[%emt 0:00:00]} 8. dxe4 {[%emt 0:00:00]} Bg4 {[%emt 0:00:00]} 9. c3 {[%emt 0:00:01]} Bxf3 {[%emt 0:00:01]} 10. Qxf3 {[%emt 0:00:01]} Qd7 {[%emt 0:00:01]} 11. Qe2 {[%emt 0:00:00]} Rad8 {[%emt 0:00:01]} 12. Nc4 {[%emt 0:00:00]} Qd3 {[%emt 0:00:01]} 13. Qxd3 {[%emt 0:00:01]} Rxd3 {[%emt 0:00:01]} 14. Ne3 {[%emt 0:00:01]} Rfd8 {[%emt 0:00:02]} 15. Nf5 {[%emt 0:00:01]} Bf8 {[%emt 0:00:01]} 16. Bg5 {[%emt 0:00:02]} Na5 {[%emt 0:00:05]} 17. Bxf6 {[%emt 0:00:01]} gxf6 {[%emt 0:00:01]} 18. Ne3 {[%emt 0:00:00]} c6 {[%emt 0:00:03]} 19. Rfd1 {[%emt 0:00:01]} Rxd1+ {[%emt 0:00:01]} 20. Rxd1 {[%emt 0:00:00]} Rxd1+ {[%emt 0:00:00]} 21. Nxd1 {[%emt 0:00:00]} Nc4 {[%emt 0:00:01]} 22. Bf1 {[%emt 0:00:01]} Nd6 {[%emt 0:00:02]} 23. Bd3 {[%emt 0:00:01]} Bh6 {[%emt 0:00:02]} 24. Kf1 {[%emt 0:00:01]} Bc1 {[%emt 0:00:01]} 25. Ke2 {[%emt 0:00:01]} c5 {[%emt 0:00:01]} 26. b4 {[%emt 0:00:02]} c4 {[%emt 0:00:01]} 27. Bc2 {[%emt 0:00:01]} b5 {[%emt 0:00:01]} 28. a4 {[%emt 0:00:01]} a6 {[%emt 0:00:01]} 29. a5 {[%emt 0:00:00]} Kg7 {[%emt 0:00:02]} 30. Ne3 {[%emt 0:00:01]} Bxe3 {[%emt 0:00:01]} 31. Kxe3 {[%emt 0:00:00]} Kg6 {[%emt 0:00:01]} 32. f4 {[%emt 0:00:00]} h6 {[%emt 0:00:02]} 33. Bd1 {[%emt 0:00:01]} Kg7 {[%emt 0:00:01]} 34. Bg4 {[%emt 0:00:01]} Kg6 {[%emt 0:00:01]} 35. Bh3 {[%emt 0:00:01]} Kg7 {[%emt 0:00:02]} 36. Bd7 {[%emt 0:00:03]} Kf8 {[%emt 0:00:01]} 37. h4 {[%emt 0:00:01]} Ke7 {[%emt 0:00:01]} 38. Bh3 {[%emt 0:00:00]} Kf8 {[%emt 0:00:01]} 39. f5 {[%emt 0:00:01]} Kg7 {[%emt 0:00:02]} 40. Bg4 {[%emt 0:00:01]} Kh7 {[%emt 0:00:01]} 41. Be2 {[%emt 0:00:01]} Kg7 {[%emt 0:00:00]} 42. g4 {[%emt 0:00:00]} Kh7 {[%emt 0:00:01]} 43. Bf3 {[%emt 0:00:00]} Kg7 {[%emt 0:00:01]} 44. Kf2 {[%emt 0:00:00]} Kh7 {[%emt 0:00:01]} 45. Ke3 {[%emt 0:00:00]} Kg7 {[%emt 0:00:01]} 46. Bg2 {[%emt 0:00:01]} Kh7 {[%emt 0:00:00]} 47. Bf1 {[%emt 0:00:00]} Kg7 {[%emt 0:00:00]} 48. Be2 {[%emt 0:00:00]} Kh7 {[%emt 0:00:00]} 49. Bf3 {[%emt 0:00:00] (Lag: Av=0.91s, max=1.9s) (Lag: Av=0.91s, max=1.9s) (Lag: Av=0.91s, max=1.9s)} 1/2-1/2

[Event "Stay Safe Play From Home 377"]
[Site "Emanuel Lasker Arena"]
[Date "2020.08.12"]
[Round "4"]
[White "Mepe_Nika"]
[Black "TheCHESSHOUSE"]
[Result "1-0"]
[WhiteElo "2357"]
[BlackElo "1994"]
[PlyCount "79"]
[EventDate "2020.08.12"]
[EventType "swiss (blitz)"]

1. d4 {[%emt 0:00:01]} Nf6 {[%emt 0:00:01]} 2. Bf4 {[%emt 0:00:00]} d6 {[%emt 0:00:01]} 3. e3 {[%emt 0:00:01]} g6 {[%emt 0:00:00]} 4. Nf3 {[%emt 0:00:00]} Bg7 {[%emt 0:00:00]} 5. h3 {[%emt 0:00:00]} O-O {[%emt 0:00:01]} 6. Be2 {[%emt 0:00:00]} Nbd7 {[%emt 0:00:01]} 7. O-O {[%emt 0:00:00]} Nh5 {[%emt 0:00:02]} 8. Bh2 {[%emt 0:00:00]} Nhf6 {[%emt 0:00:02]} 9. c4 {[%emt 0:00:00]} c6 {[%emt 0:00:02]} 10. Nc3 {[%emt 0:00:00]} Re8 {[%emt 0:00:01]} 11. b4 {[%emt 0:00:00]} Rb8 {[%emt 0:00:02]} 12. Rc1 {[%emt 0:00:01]} a6 {[%emt 0:00:01]} 13. a4 {[%emt 0:00:01]} b5 {[%emt 0:00:01]} 14. c5 {[%emt 0:00:01]} Nf8 {[%emt 0:00:06]} 15. axb5 {[%emt 0:00:01]} cxb5 {[%emt 0:00:01]} 16. Ra1 {[%emt 0:00:01]} Bb7 {[%emt 0:00:01]} 17. Nd2 {[%emt 0:00:01]} Rc8 {[%emt 0:00:01]} 18. Bf3 {[%emt 0:00:01]} d5 {[%emt 0:00:01]} 19. Nb3 {[%emt 0:00:03]} Ne6 {[%emt 0:00:02]} 20. Na5 {[%emt 0:00:01]} Bc6 {[%emt 0:00:01]} 21. Qb3 {[%emt 0:00:02]} Ng5 {[%emt 0:00:02]} 22. Be2 {[%emt 0:00:02]} Nfe4 {[%emt 0:00:01]} 23. Nxe4 {[%emt 0:00:01]} Nxe4 {[%emt 0:00:02]} 24. Ra2 {[%emt 0:00:01]} e5 {[%emt 0:00:03]} 25. dxe5 {[%emt 0:00:04]} Bxe5 {[%emt 0:00:00]} 26. Bxe5 {[%emt 0:00:01]} Rxe5 {[%emt 0:00:00]} 27. Bd3 {[%emt 0:00:01]} Qf6 {[%emt 0:00:02]} 28. Bxe4 {[%emt 0:00:01]} dxe4 {[%emt 0:00:01]} 29. Qc3 {[%emt 0:00:02]} Bd5 {[%emt 0:00:01]} 30. Rd2 {[%emt 0:00:02]} Be6 {[%emt 0:00:01]} 31. Rfd1 {[%emt 0:00:01]} Qg5 {[%emt 0:00:01]} 32. Kf1 {[%emt 0:00:05]} Rf5 {[%emt 0:00:02]} 33. c6 {[%emt 0:00:03]} Rf6 {[%emt 0:00:08]} 34. Rd8+ {[%emt 0:00:02]} Kg7 {[%emt 0:00:00]} 35. Rxc8 {[%emt 0:00:02]} Bxc8 {[%emt 0:00:00]} 36. Nb7 {[%emt 0:00:03]} Qf5 {[%emt 0:00:00]} 37. Rd2 {[%emt 0:00:02]} Qe6 {[%emt 0:00:02]} 38. Nd6 {[%emt 0:00:02]} h5 {[%emt 0:00:04]} 39. Nxc8 {[%emt 0:00:01]} Qxc8 {[%emt 0:00:00]} 40. Rd6 {[%emt 0:00:00] Time Time Time (Lag: Av=0.78s, max=1.2s) (Lag: Av=0.78s, max=1.2s) (Lag: Av=0.78s, max=1.2s)} 1-0

[Event "Stay Safe Play From Home 377"]
[Site "Emanuel Lasker Arena"]
[Date "2020.08.12"]
[Round "4"]
[White "Tolka"]
[Black "Ao017545"]
[Result "1-0"]
[WhiteElo "2319"]
[BlackElo "1518"]
[Annotator "NA"]
[PlyCount "35"]
[EventDate "2020.08.12"]
[EventType "swiss (blitz)"]

1. e4 {[%emt 0:00:01]} e5 {[%emt 0:00:00]} 2. Nc3 {[%emt 0:00:01]} Nf6 {[%emt 0:00:00]} 3. f4 {[%emt 0:00:00]} Bc5 {[%emt 0:00:01]} 4. Nf3 {[%emt 0:00:02]} d5 {[%emt 0:00:02]} 5. fxe5 {[%emt 0:00:04]} dxe4 {[%emt 0:00:07]} 6. exf6 {[%emt 0:00:01]} exf3 {[%emt 0:00:02]} 7. Qxf3 {[%emt 0:00:00]} O-O {[%emt 0:00:05]} 8. d4 {[%emt 0:00:05]} Qxd4 {[%emt 0:00:03]} 9. Bd2 {[%emt 0:00:05]} Re8+ {[%emt 0:00:01]} 10. Be2 {[%emt 0:00:01]} Bg4 {[%emt 0:00:04]} 11. Qd3 {[%emt 0:00:04]} Qf2+ {[%emt 0:00:11]} 12. Kd1 {[%emt 0:00:01]} Bxe2+ {[%emt 0:00:02]} 13. Nxe2 {[%emt 0:00:00]} Rxe2 {[%emt 0:00:05]} 14. Qxe2 {[%emt 0:00:02]} Qxf6 {[%emt 0:00:05]} 15. Rf1 {[%emt 0:00:01]} Qxb2 {[%emt 0:00:03]} 16. Qe8+ {[%emt 0:00:01]} Bf8 {[%emt 0:00:00]} 17. Qxf7+ {[%emt 0:00:00]} Kh8 {[%emt 0:00:01]} 18. Qxf8# {[%emt 0:00:00] (Lag: Av=0.57s, max=1.0s) (Lag: Av=0.57s, max=1.0s) (Lag: Av=0.57s, max=1.0s)} 1-0

[Event "Stay Safe Play From Home 377"]
[Site "Emanuel Lasker Arena"]
[Date "2020.08.12"]
[Round "4"]
[White "Lamborghini"]
[Black "Aerocot"]
[Result "1-0"]
[WhiteElo "2266"]
[BlackElo "1345"]
[PlyCount "43"]
[EventDate "2020.08.12"]
[EventType "swiss (blitz)"]

1. e4 {[%emt 0:00:01]} e5 {[%emt 0:00:04]} 2. Nf3 {[%emt 0:00:01]} Nc6 {[%emt 0:00:00]} 3. Bb5 {[%emt 0:00:01]} Nge7 {[%emt 0:00:04]} 4. O-O {[%emt 0:00:01]} g6 {[%emt 0:00:01]} 5. d4 {[%emt 0:00:01]} exd4 {[%emt 0:00:02]} 6. c3 {[%emt 0:00:01]} dxc3 {[%emt 0:00:02]} 7. Nxc3 {[%emt 0:00:01]} Bg7 {[%emt 0:00:01]} 8. Bg5 {[%emt 0:00:01]} O-O {[%emt 0:00:03]} 9. Nd5 {[%emt 0:00:01]} f6 {[%emt 0:00:02]} 10. Bf4 {[%emt 0:00:02]} Nxd5 {[%emt 0:00:03]} 11. exd5 {[%emt 0:00:01]} Ne7 {[%emt 0:00:04]} 12. d6 {[%emt 0:00:01]} cxd6 {[%emt 0:00:06]} 13. Bxd6 {[%emt 0:00:00]} Re8 {[%emt 0:00:01]} 14. Bc4+ {[%emt 0:00:01]} Kh8 {[%emt 0:00:02]} 15. Bf7 {[%emt 0:00:02]} Rf8 {[%emt 0:00:04]} 16. Bb3 {[%emt 0:00:01]} Re8 {[%emt 0:00:03]} 17. Re1 {[%emt 0:00:01]} Nc6 {[%emt 0:00:05]} 18. Qd5 {[%emt 0:00:01]} b6 {[%emt 0:00:07]} 19. Rxe8+ {[%emt 0:00:02]} Qxe8 {[%emt 0:00:01]} 20. Re1 {[%emt 0:00:00]} Qd8 {[%emt 0:00:01]} 21. h4 {[%emt 0:00:02]} Bb7 {[%emt 0:00:01]} 22. h5 {[%emt 0:00:00] Time Time Time (Lag: Av=0.66s, max=0.9s) (Lag: Av=0.66s, max=0.9s) (Lag: Av=0.66s, max=0.9s)} 1-0

[Event "Stay Safe Play From Home 377"]
[Site "Emanuel Lasker Arena"]
[Date "2020.08.12"]
[Round "4"]
[White "SelamiSahin"]
[Black "CabianoFaruana"]
[Result "0-1"]
[WhiteElo "2163"]
[BlackElo "1873"]
[PlyCount "92"]
[EventDate "2020.08.12"]
[EventType "swiss (blitz)"]

{Yarar, Atakan} 1. d4 {[%emt 0:00:01]} d5 {[%emt 0:00:01]} 2. c3 {[%emt 0:00:00]} c6 {[%emt 0:00:00]} 3. Nf3 {[%emt 0:00:01]} Nf6 {[%emt 0:00:00]} 4. Bf4 {[%emt 0:00:00]} e6 {[%emt 0:00:00]} 5. e3 {[%emt 0:00:00]} Bd6 {[%emt 0:00:00]} 6. Bg3 {[%emt 0:00:00]} O-O {[%emt 0:00:01]} 7. Nbd2 {[%emt 0:00:00]} Qe7 {[%emt 0:00:00]} 8. Bd3 {[%emt 0:00:01]} Nbd7 {[%emt 0:00:00]} 9. O-O {[%emt 0:00:01]} e5 {[%emt 0:00:00]} 10. dxe5 {[%emt 0:00:00]} Nxe5 {[%emt 0:00:00]} 11. Nxe5 {[%emt 0:00:00]} Bxe5 {[%emt 0:00:00]} 12. Bxe5 {[%emt 0:00:00]} Qxe5 {[%emt 0:00:00]} 13. Nf3 {[%emt 0:00:00]} Qe7 {[%emt 0:00:01]} 14. Be2 {[%emt 0:00:00]} Bf5 {[%emt 0:00:01]} 15. h3 {[%emt 0:00:00]} h6 {[%emt 0:00:01]} 16. Nd4 {[%emt 0:00:01]} Bh7 {[%emt 0:00:01]} 17. Rc1 {[%emt 0:00:01]} Ne4 {[%emt 0:00:01]} 18. Bd3 {[%emt 0:00:01]} f5 {[%emt 0:00:02]} 19. Nf3 {[%emt 0:00:01]} g5 {[%emt 0:00:02]} 20. Re1 {[%emt 0:00:00]} Kg7 {[%emt 0:00:01]} 21. Bb1 {[%emt 0:00:02]} Rae8 {[%emt 0:00:01]} 22. Qd4+ {[%emt 0:00:01]} Qf6 {[%emt 0:00:02]} 23. Qxa7 {[%emt 0:00:01]} Rf7 {[%emt 0:00:01]} 24. Qd4 {[%emt 0:00:01]} g4 {[%emt 0:00:01]} 25. Qxf6+ {[%emt 0:00:01]} Rxf6 {[%emt 0:00:01]} 26. Nd4 {[%emt 0:00:01]} gxh3 {[%emt 0:00:01]} 27. Bxe4 {[%emt 0:00:02]} fxe4 {[%emt 0:00:01]} 28. gxh3 {[%emt 0:00:01]} Ref8 {[%emt 0:00:01]} 29. Re2 {[%emt 0:00:01]} Bg6 {[%emt 0:00:01]} 30. Kh2 {[%emt 0:00:01]} Bh5 {[%emt 0:00:01]} 31. Rd2 {[%emt 0:00:02]} Rxf2+ {[%emt 0:00:01]} 32. Rxf2 {[%emt 0:00:02]} Rxf2+ {[%emt 0:00:00]} 33. Kg3 {[%emt 0:00:00]} Rxb2 {[%emt 0:00:00]} 34. Rc2 {[%emt 0:00:01]} Rxc2 {[%emt 0:00:02]} 35. Nxc2 {[%emt 0:00:00]} Kf6 {[%emt 0:00:01]} 36. Nd4 {[%emt 0:00:01]} Ke5 {[%emt 0:00:01]} 37. Kh4 {[%emt 0:00:01]} Bd1 {[%emt 0:00:02]} 38. Kg3 {[%emt 0:00:03]} Ba4 {[%emt 0:00:01]} 39. Kh4 {[%emt 0:00:01]} c5 {[%emt 0:00:01]} 40. Ne2 {[%emt 0:00:02]} Bd1 {[%emt 0:00:01]} 41. Nc1 {[%emt 0:00:02]} d4 {[%emt 0:00:01]} 42. exd4+ {[%emt 0:00:00]} cxd4 {[%emt 0:00:00]} 43. cxd4+ {[%emt 0:00:00]} Kxd4 {[%emt 0:00:00]} 44. Kg3 {[%emt 0:00:00]} e3 {[%emt 0:00:01]} 45. Kg2 {[%emt 0:00:01]} Kc3 {[%emt 0:00:01]} 46. Kf1 {[%emt 0:00:02]} Kd2 {[%emt 0:00:01] SelamiSahin terk eder SelamiSahin terk eder SelamiSahin terk eder (Lag: Av=0.58s, max=1.2s) (Lag: Av=0.58s, max=1.2s) (Lag: Av=0.58s, max=1.2s)} 0-1

[Event "Stay Safe Play From Home 377"]
[Site "Emanuel Lasker Arena"]
[Date "2020.08.12"]
[Round "4"]
[White "buzaglo"]
[Black "Stepmaker"]
[Result "1-0"]
[WhiteElo "1858"]
[BlackElo "1421"]
[Annotator "NA"]
[PlyCount "67"]
[EventDate "2020.08.12"]
[EventType "swiss (blitz)"]

1. d4 {[%emt 0:00:01]} d6 {[%emt 0:00:02]} 2. Nf3 {[%emt 0:00:00]} e6 {[%emt 0:00:01]} 3. g3 {[%emt 0:00:00]} Bd7 {[%emt 0:00:01]} 4. Bg2 {[%emt 0:00:00]} Nc6 {[%emt 0:00:01]} 5. O-O {[%emt 0:00:00]} f6 {[%emt 0:00:01]} 6. d5 {[%emt 0:00:00]} exd5 {[%emt 0:00:02]} 7. Qxd5 {[%emt 0:00:00]} Nge7 {[%emt 0:00:01]} 8. Qd1 {[%emt 0:00:01]} Be6 {[%emt 0:00:03]} 9. c4 {[%emt 0:00:00]} Ng6 {[%emt 0:00:02]} 10. Nbd2 {[%emt 0:00:00]} Be7 {[%emt 0:00:01]} 11. e4 {[%emt 0:00:01]} O-O {[%emt 0:00:01]} 12. Re1 {[%emt 0:00:02]} f5 {[%emt 0:00:01]} 13. exf5 {[%emt 0:00:01]} Bxf5 {[%emt 0:00:01]} 14. b3 {[%emt 0:00:01]} Bf6 {[%emt 0:00:01]} 15. Rb1 {[%emt 0:00:04]} Bxb1 {[%emt 0:00:02]} 16. Nxb1 {[%emt 0:00:00]} Qd7 {[%emt 0:00:04]} 17. h3 {[%emt 0:00:04]} Rae8 {[%emt 0:00:01]} 18. Rf1 {[%emt 0:00:02]} Re7 {[%emt 0:00:01]} 19. Be3 {[%emt 0:00:01]} Rfe8 {[%emt 0:00:01]} 20. Nbd2 {[%emt 0:00:01]} b6 {[%emt 0:00:04]} 21. a3 {[%emt 0:00:03]} Nce5 {[%emt 0:00:01]} 22. Nd4 {[%emt 0:00:02]} Nd3 {[%emt 0:00:03]} 23. Bc6 {[%emt 0:00:02]} Qe6 {[%emt 0:00:04]} 24. Bxe8 {[%emt 0:00:01]} Rxe8 {[%emt 0:00:02]} 25. Kg2 {[%emt 0:00:01]} Nc5 {[%emt 0:00:07]} 26. N2f3 {[%emt 0:00:01]} Qe4 {[%emt 0:00:03]} 27. Qb1 {[%emt 0:00:04]} Bxd4 {[%emt 0:00:01]} 28. Qxe4 {[%emt 0:00:01]} Rxe4 {[%emt 0:00:02]} 29. Nxd4 {[%emt 0:00:01]} Nd3 {[%emt 0:00:02]} 30. Kf3 {[%emt 0:00:03]} Re7 {[%emt 0:00:02]} 31. Nf5 {[%emt 0:00:02]} Rf7 {[%emt 0:00:01]} 32. g4 {[%emt 0:00:00]} Nde5+ {[%emt 0:00:02]} 33. Kg2 {[%emt 0:00:00]} Nd3 {[%emt 0:00:01]} 34. Bg5 {[%emt 0:00:01] TimeB TimeB TimeB} 1-0

[Event "Stay Safe Play From Home 377"]
[Site "Emanuel Lasker Arena"]
[Date "2020.08.12"]
[Round "4"]
[White "Padmaesh M K"]
[Black "SoulofWolf"]
[Result "0-1"]
[WhiteElo "1837"]
[BlackElo "2124"]
[PlyCount "94"]
[EventDate "2020.08.12"]
[EventType "swiss (blitz)"]

1. e4 {[%emt 0:00:01]} e6 {[%emt 0:00:00]} 2. Nf3 {[%emt 0:00:01]} c5 {[%emt 0:00:00]} 3. c3 {[%emt 0:00:01]} Nc6 {[%emt 0:00:00]} 4. d4 {[%emt 0:00:01]} cxd4 {[%emt 0:00:00]} 5. cxd4 {[%emt 0:00:00]} Bb4+ {[%emt 0:00:01]} 6. Nc3 {[%emt 0:00:00]} Nge7 {[%emt 0:00:01]} 7. Bd3 {[%emt 0:00:01]} O-O {[%emt 0:00:01]} 8. O-O {[%emt 0:00:01]} f5 {[%emt 0:00:00]} 9. exf5 {[%emt 0:00:01]} Nxf5 {[%emt 0:00:00]} 10. Bxf5 {[%emt 0:00:01]} Rxf5 {[%emt 0:00:01]} 11. Qc2 {[%emt 0:00:02]} Bd6 {[%emt 0:00:03]} 12. Be3 {[%emt 0:00:01]} Qf6 {[%emt 0:00:02]} 13. d5 {[%emt 0:00:01]} Nb4 {[%emt 0:00:02]} 14. Qe4 {[%emt 0:00:02]} b6 {[%emt 0:00:09]} 15. dxe6 {[%emt 0:00:02]} Rb8 {[%emt 0:00:00]} 16. Bd4 {[%emt 0:00:11]} Qg6 {[%emt 0:00:03]} 17. Nh4 {[%emt 0:00:06]} Bb7 {[%emt 0:00:04]} 18. Nxg6 {[%emt 0:00:04]} Bxe4 {[%emt 0:00:03]} 19. Nxe4 {[%emt 0:00:01]} hxg6 {[%emt 0:00:02]} 20. Nxd6 {[%emt 0:00:01]} Rd5 {[%emt 0:00:00]} 21. e7 {[%emt 0:00:01]} Rxd6 {[%emt 0:00:02]} 22. Be5 {[%emt 0:00:01]} Re6 {[%emt 0:00:00]} 23. Bxb8 {[%emt 0:00:01]} Rxe7 {[%emt 0:00:00]} 24. Rfe1 {[%emt 0:00:01]} Kf7 {[%emt 0:00:00]} 25. Rxe7+ {[%emt 0:00:02]} Kxe7 {[%emt 0:00:00]} 26. a3 {[%emt 0:00:00]} Nc6 {[%emt 0:00:01]} 27. Bg3 {[%emt 0:00:02]} d5 {[%emt 0:00:01]} 28. Re1+ {[%emt 0:00:01]} Kd7 {[%emt 0:00:01]} 29. Rd1 {[%emt 0:00:01]} Ke6 {[%emt 0:00:01]} 30. Kf1 {[%emt 0:00:00]} Na5 {[%emt 0:00:01]} 31. Ke2 {[%emt 0:00:01]} Nc4 {[%emt 0:00:00]} 32. Rb1 {[%emt 0:00:02]} Na5 {[%emt 0:00:02]} 33. b3 {[%emt 0:00:01]} Nc6 {[%emt 0:00:01]} 34. Kd3 {[%emt 0:00:00]} Kf5 {[%emt 0:00:01]} 35. Re1 {[%emt 0:00:00]} Na5 {[%emt 0:00:01]} 36. Re8 {[%emt 0:00:00]} Nxb3 {[%emt 0:00:01]} 37. Re5+ {[%emt 0:00:01]} Kf6 {[%emt 0:00:01]} 38. Rxd5 {[%emt 0:00:00]} Na5 {[%emt 0:00:01]} 39. Rxa5 {[%emt 0:00:01]} bxa5 {[%emt 0:00:00]} 40. Bb8 {[%emt 0:00:01]} a6 {[%emt 0:00:00]} 41. Ba7 {[%emt 0:00:00]} a4 {[%emt 0:00:00]} 42. Bc5 {[%emt 0:00:01]} Kf5 {[%emt 0:00:00]} 43. Bb4 {[%emt 0:00:00]} g5 {[%emt 0:00:00]} 44. Bf8 {[%emt 0:00:01]} g6 {[%emt 0:00:00]} 45. Bg7 {[%emt 0:00:00]} Ke6 {[%emt 0:00:01]} 46. Bc3 {[%emt 0:00:00]} g4 {[%emt 0:00:00]} 47. g3 {[%emt 0:00:00]} Kf5 {[%emt 0:00:00] Time Time Time (Lag: Av=0.32s, max=1.1s) (Lag: Av=0.32s, max=1.1s) (Lag: Av=0.32s, max=1.1s) . . .} 0-1

[Event "Stay Safe Play From Home 377"]
[Site "Emanuel Lasker Arena"]
[Date "2020.08.12"]
[Round "4"]
[White "Klasman"]
[Black "Mandy"]
[Result "1-0"]
[WhiteElo "1294"]
[BlackElo "860"]
[Annotator "NA"]
[PlyCount "39"]
[EventDate "2020.08.12"]
[EventType "swiss (blitz)"]

1. f4 {[%emt 0:00:02]} Nf6 {[%emt 0:00:03]} 2. Nf3 {[%emt 0:00:02]} e6 {[%emt 0:00:01]} 3. Nc3 {[%emt 0:00:01]} d5 {[%emt 0:00:02]} 4. d4 {[%emt 0:00:02]} Bd7 {[%emt 0:00:01]} 5. e3 {[%emt 0:00:01]} Nc6 {[%emt 0:00:03]} 6. Bd3 {[%emt 0:00:01]} Bb4 {[%emt 0:00:02]} 7. Bd2 {[%emt 0:00:01]} g6 {[%emt 0:00:01]} 8. O-O {[%emt 0:00:01]} O-O {[%emt 0:00:01]} 9. Ne5 {[%emt 0:00:01]} Be8 {[%emt 0:00:05]} 10. Qf3 {[%emt 0:00:04]} Qe7 {[%emt 0:00:04]} 11. a3 {[%emt 0:00:02]} Bxc3 {[%emt 0:00:02]} 12. bxc3 {[%emt 0:00:03]} Nxe5 {[%emt 0:00:02]} 13. fxe5 {[%emt 0:00:02]} Nd7 {[%emt 0:00:09]} 14. e4 {[%emt 0:00:01]} c6 {[%emt 0:00:01]} 15. exd5 {[%emt 0:00:02]} cxd5 {[%emt 0:00:04]} 16. Qg3 {[%emt 0:00:05]} h6 {[%emt 0:00:08]} 17. Bxh6 {[%emt 0:00:02]} Kh8 {[%emt 0:00:03]} 18. Bg5 {[%emt 0:00:02]} Qxg5 {[%emt 0:00:02]} 19. Qxg5 {[%emt 0:00:01]} Rg8 {[%emt 0:00:06]} 20. Qh6# {[%emt 0:00:01] (Lag: Av=0.52s, max=0.6s) (Lag: Av=0.52s, max=0.6s) (Lag: Av=0.52s, max=0.6s)} 1-0

[Event "Stay Safe Play From Home 377"]
[Site "Emanuel Lasker Arena"]
[Date "2020.08.12"]
[Round "5"]
[White "MihailoVujic"]
[Black "Mepe_Nika"]
[Result "0-1"]
[WhiteElo "2270"]
[BlackElo "2360"]
[PlyCount "112"]
[EventDate "2020.08.12"]
[EventType "swiss (blitz)"]

1. e4 {[%emt 0:00:01]} c6 {[%emt 0:00:01]} 2. d4 {[%emt 0:00:01]} d5 {[%emt 0:00:00]} 3. f3 {[%emt 0:00:00]} e6 {[%emt 0:00:01]} 4. Nc3 {[%emt 0:00:01]} Bb4 {[%emt 0:00:01]} 5. Bd2 {[%emt 0:00:01]} Ne7 {[%emt 0:00:01]} 6. Bd3 {[%emt 0:00:02]} c5 {[%emt 0:00:01]} 7. exd5 {[%emt 0:00:02]} Bxc3 {[%emt 0:00:01]} 8. Bxc3 {[%emt 0:00:02]} Nxd5 {[%emt 0:00:01]} 9. dxc5 {[%emt 0:00:01]} Nxc3 {[%emt 0:00:01]} 10. bxc3 {[%emt 0:00:00]} O-O {[%emt 0:00:01]} 11. Nh3 {[%emt 0:00:01]} Qa5 {[%emt 0:00:02]} 12. Qe2 {[%emt 0:00:03]} Qxc3+ {[%emt 0:00:01]} 13. Kf2 {[%emt 0:00:01]} Qxc5+ {[%emt 0:00:01]} 14. Kg3 {[%emt 0:00:01]} Nc6 {[%emt 0:00:01]} 15. Qe4 {[%emt 0:00:01]} Qe5+ {[%emt 0:00:01]} 16. f4 {[%emt 0:00:01]} Qxe4 {[%emt 0:00:01]} 17. Bxe4 {[%emt 0:00:00]} Bd7 {[%emt 0:00:01]} 18. Rhd1 {[%emt 0:00:02]} Rfd8 {[%emt 0:00:01]} 19. Ng5 {[%emt 0:00:02]} h6 {[%emt 0:00:01]} 20. Nf3 {[%emt 0:00:00]} Be8 {[%emt 0:00:01]} 21. Ne5 {[%emt 0:00:01]} Nxe5 {[%emt 0:00:01]} 22. fxe5 {[%emt 0:00:00]} Bc6 {[%emt 0:00:02]} 23. Bxc6 {[%emt 0:00:02]} bxc6 {[%emt 0:00:00]} 24. Rd6 {[%emt 0:00:01]} Rxd6 {[%emt 0:00:02]} 25. exd6 {[%emt 0:00:00]} Rd8 {[%emt 0:00:00]} 26. Rd1 {[%emt 0:00:02]} Kf8 {[%emt 0:00:00]} 27. c4 {[%emt 0:00:02]} c5 {[%emt 0:00:01]} 28. Kf4 {[%emt 0:00:01]} Ke8 {[%emt 0:00:01]} 29. Ke5 {[%emt 0:00:02]} Kd7 {[%emt 0:00:01]} 30. Rb1 {[%emt 0:00:01]} f6+ {[%emt 0:00:00]} 31. Ke4 {[%emt 0:00:00]} Kxd6 {[%emt 0:00:00]} 32. Rb7 {[%emt 0:00:00]} Rd7 {[%emt 0:00:00]} 33. Rb8 {[%emt 0:00:00]} f5+ {[%emt 0:00:01]} 34. Kf4 {[%emt 0:00:01]} g5+ {[%emt 0:00:00]} 35. Ke3 {[%emt 0:00:01]} Rc7 {[%emt 0:00:01]} 36. Rh8 {[%emt 0:00:01]} Ke5 {[%emt 0:00:01]} 37. Rxh6 {[%emt 0:00:00]} f4+ {[%emt 0:00:02]} 38. Kf3 {[%emt 0:00:01]} Rd7 {[%emt 0:00:01]} 39. Ke2 {[%emt 0:00:01]} Rd4 {[%emt 0:00:01]} 40. Rg6 {[%emt 0:00:01]} Rxc4 {[%emt 0:00:01]} 41. Rxg5+ {[%emt 0:00:01]} Ke4 {[%emt 0:00:00]} 42. Kd2 {[%emt 0:00:02]} e5 {[%emt 0:00:03]} 43. h4 {[%emt 0:00:02]} Ra4 {[%emt 0:00:01]} 44. h5 {[%emt 0:00:01]} Rxa2+ {[%emt 0:00:00]} 45. Kc3 {[%emt 0:00:00]} Ra1 {[%emt 0:00:03]} 46. Kc4 {[%emt 0:00:01]} Rc1+ {[%emt 0:00:01]} 47. Kb5 {[%emt 0:00:01]} c4 {[%emt 0:00:01]} 48. h6 {[%emt 0:00:02]} Rh1 {[%emt 0:00:01]} 49. Rg6 {[%emt 0:00:02]} c3 {[%emt 0:00:01]} 50. Rc6 {[%emt 0:00:01]} Kd3 {[%emt 0:00:02]} 51. Rd6+ {[%emt 0:00:02]} Kc2 {[%emt 0:00:01]} 52. Kb4 {[%emt 0:00:01]} Kb2 {[%emt 0:00:01]} 53. Re6 {[%emt 0:00:01]} c2 {[%emt 0:00:01]} 54. Rxe5 {[%emt 0:00:00] . . .} c1=Q {[%emt 0:00:01]} 55. Re2+ {[%emt 0:00:00]} Kb1 {[%emt 0:00:01]} 56. Kb3 {[%emt 0:00:00]} Qd1+ {[%emt 0:00:02] Time Time Time (Lag: Av=0.59s, max=1.1s) (Lag: Av=0.59s, max=1.1s) (Lag: Av=0.59s, max=1.1s)} 0-1